Catálogo

LA DECISION : (Registro nro. 49000)

Detalles MARC
000 -LEADER
fixed length control field 01189nam a2200205 a 4500
001 - CONTROL NUMBER
control field 49000
005 - DATE AND TIME OF LATEST TRANSACTION
control field 20180714033522.0
008 - FIXED-LENGTH DATA ELEMENTS--GENERAL INFORMATION
fixed length control field 140415s2001 mx 000 0 spa d
020 ## - INTERNATIONAL STANDARD BOOK NUMBER
International Standard Book Number 9687825200
041 ## - LANGUAGE CODE
Language code of text/sound track or separate title spa
082 ## - DEWEY DECIMAL CLASSIFICATION NUMBER
Classification number 320.01
Item number VON
100 1# - MAIN ENTRY--PERSONAL NAME
Personal name VON KROCKOW, CHRISTIAN GRAF
245 13 - TITLE STATEMENT
Title LA DECISION :
Remainder of title UN ESTUDIO SOBRE ERNST JUNGER, CARL SCHMITT Y MARTIN HEIDEGGER
250 ## - EDITION STATEMENT
Edition statement 1a ed.
260 ## - PUBLICATION, DISTRIBUTION, ETC.
Place of publication, distribution, etc. MEXICO :
Name of publisher, distributor, etc. CENTRO DE ESTUDIOS DE POLITICA COMPARADA,
Date of publication, distribution, etc. 2001
300 ## - PHYSICAL DESCRIPTION
Extent 185
Dimensions 14.1 x 1.6 x 21
520 ## - SUMMARY, ETC.
Summary, etc. LAS VINCULACIONES MAS PROFUNDAS DE TRES GRANDES PENSADORES DEL SIGLO VEINTE, Y SOBRE TODO, SUS AMBIGUAS REPERCUSIONES EN LOS AMBITOS REFLEXIVOS PREOCUPADOS POR LA CONSTRUCCION DE UN PENSAMIENTO EMANCIPADOR DE CARACTER DEMOCRATICO SON ESTUDIADAS EN ESTE LIBRO A TRAVES DE LA CATEGORIA DE DECISION, AUTENTICA LLAVE MAESTRA PARA ENTENDER LAS NOCIONES DE RESOLUCION EN LA FILOSOFIA DE HEIDEGGER, LA LUCHA EN LA OBRA LITERARIA DE JUNGER, Y DECISION PROPIEMENTE DICHA, EN LA TEORIA JURIDICA Y POL
650 14 - SUBJECT ADDED ENTRY--TOPICAL TERM
Topical term or geographic name entry element DEMOCRACIA
General subdivision FILOSOFOS ALEMANES
-- POLITICA
740 ## - ADDED ENTRY--UNCONTROLLED RELATED/ANALYTICAL TITLE
Uncontrolled related/analytical title DIE ENTSCHEIDUNG: EINE UNTERSUCHUNG ÜBER ERNST JUNGER, CARLSCHMITT, MARTIN HEIDEGGER
Existencias
Withdrawn status Lost status Source of classification or shelving scheme Damaged status Not for loan Collection code Home library Current library Shelving location Date acquired Source of acquisition Inventory number Total Checkouts Full call number Barcode Date last seen Date last checked out Price effective from Koha item type
    Dewey Decimal Classification     General Biblioteca Karol Wojtyla Biblioteca Karol Wojtyla Sala general 03/12/2013 Compra 151000000000000000052934   320.01 VON 73333 05/01/2026 17/11/2015 03/12/2013 Libro